Načítá se...
Introduction to organic and biological chemistry
| Hlavní autor: | |
|---|---|
| Médium: | Printed Book |
| Jazyk: | English |
| Vydáno: |
USA
Macmillian company
1970
|
| Témata: |
| LEADER | 00514nam a2200157 a 4500 | ||
|---|---|---|---|
| 005 | 20151028161934.0 | ||
| 008 | 960221s1955 dcuabcdjdbkoqu001 0deng d | ||
| 003 | ViArRB | ||
| 082 | |a 547 | ||
| 100 | |a Baum, Stuart J. |9 16689 | ||
| 245 | |a Introduction to organic and biological chemistry | ||
| 653 | |a Organic chemistry | ||
| 942 | |c BK |6 _ | ||
| 260 | |a USA |b Macmillian company |c 1970 | ||
| 999 | |c 72023 |d 72023 | ||
| 952 | |0 0 |1 0 |2 ddc |4 0 |6 547_L0 |7 0 |9 83873 |a SOS |b SOS |d 2010-01-21 |l 1 |o 547 L0 |p MS001848 |r 2013-06-14 |s 2012-10-31 |w 2009-07-13 |y BK | ||